QB Prospects in the 2026 NFL Draft - Statistics

General Stats
  • This quiz has been taken 53 times
  • The average score is 12 of 21
Answer Stats
Position College Answer % Correct
QB Indiana Fernando Mendoza
100%
QB Alabama Ty Simpson
98%
QB Miami Carson Beck
89%
QB Penn St Drew Allar
85%
QB Vanderbilt Diego Pavia
76%
QB LSU Garrett Nussmeier
76%
QB Clemson Cade Klubnik
67%
QB Arkansas Taylen Green
65%
QB Georgia Tech Haynes King
52%
QB Kansas Jalon Daniels
50%
QB Illinois Luke Altmyer
48%
QB Tennessee Joey Aguilar
46%
QB North Dakota St Cole Payton
43%
QB Baylor Sawyer Robertson
43%
QB Texas Tech Behren Morton
41%
QB Iowa Mark Gronowski
39%
QB Louisville Miller Moss
39%
QB Rutgers Athan Kaliakmanis
35%
QB UConn Joe Fagnano
33%
QB Virginia Tech Kyron Drones
33%
QB Southern Miss Braylon Braxton
11%
No matching quizzes found
Score Distribution
Percent of People with Each Score
Percentile by Number Answered
Your Score History
You have not taken this quiz